Zweifarbige deutsche Fußballwappen - Statistiken

Allgemein
  • Dieses Quiz wurde 97 mal gespielt
  • Das Durchschnittsergebnis liegt bei 19 aus 26
Antwortstatistiken
Liga Verein % Korrekt
Bundesliga Borussia Dortmund
98%
Bundesliga Werder Bremen
94%
Bundesliga VfL Wolfsburg
92%
2. Bundesliga FC Schalke 04
90%
Bundesliga 1. FSV Mainz 05
87%
Bundesliga TSG 1899 Hoffenheim
86%
Bundesliga Eintracht Frankfurt
83%
2. Bundesliga Greuther Fürth
83%
Bundesliga SC Freiburg
81%
2. Bundesliga VfL Bochum
81%
2. Bundesliga 1. FC Nürnberg
80%
Bundesliga Borussia Mönchengladbach
80%
2. Bundesliga Fortuna Düsseldorf
74%
2. Bundesliga Karlsruher SC
72%
3. Liga VfL Osnabrück
72%
2. Bundesliga 1. FC Kaiserslautern
71%
2. Bundesliga SV Darmstadt 98
68%
3. Liga MSV Duisburg
67%
3. Liga Rot-Weiß Essen
67%
3. Liga SSV Ulm
66%
3. Liga TSV 1860 München
64%
2. Bundesliga 1. FC Magdeburg
63%
3. Liga Jahn Regensburg
58%
2. Bundesliga Preußen Münster
57%
3. Liga SC Verl
48%
3. Liga TSV Havelse
41%
Keine übereinstimmenden Quizze gefunden
Verteilung der Resultate
Anzahl Personen mit jedem Resultat
Perzentil nach korrekt beantworteten Fragen
Ihre Resultats-Entwicklung
Sie haben dieses Quiz noch nicht gespielt